banner koha

Desempenho das semeadoras-adubadoras MPS 1600 e MPS 1000 IMASA em solos argilosos (Registro n. 291211)

MARC details
000 -LÍDER
campo de controle de tamanho fixo 01263nac a22004217a 4500
001 - NÚMERO DE CONTROLE
campo de controle BR0004016
003 - IDENTIFICADOR DO NÚMERO DE CONTROLE
campo de controle BR-BrBNA
005 - DATA E HORÁRIO DA ÚLTIMA TRANSAÇÃO
campo de controle 20240105122454.0
008 - CAMPO DE DADOS FIXOS--INFORMAÇÃO GERAL
campo de controle de tamanho fixo 230509b bl.|||m| |||| 00| 0 por d
040 ## - FONTE DA CATALOGAÇÃO
Instituição da catalogação original BR-BrBNA
Idioma da catalogação por
Instituição que transcreveu o registro Biblioteca Nacional de Agricultura
072 ## - CÓDIGO DE CATEGORIA DE ASSUNTO
Código de Categoria de Assunto N20
090 ## - NÚMERO DE CHAMADA LOCAL
Número de chamada 4530 BR0004016
100 1# - ENTRADA PRINCIPAL--NOME PESSOAL
Nome pessoal Casao Junior, R.
100 1# - ENTRADA PRINCIPAL--NOME PESSOAL
Nome pessoal Ralisch, R.
100 1# - ENTRADA PRINCIPAL--NOME PESSOAL
Nome pessoal Araujo, A.G. de
100 1# - ENTRADA PRINCIPAL--NOME PESSOAL
Nome pessoal Medeiros, G.B. de
100 1# - ENTRADA PRINCIPAL--NOME PESSOAL
Nome pessoal Monice, R.
100 1# - ENTRADA PRINCIPAL--NOME PESSOAL
Nome pessoal Siqueira, R.
100 1# - ENTRADA PRINCIPAL--NOME PESSOAL
Nome pessoal Silva, A.L. da
100 1# - ENTRADA PRINCIPAL--NOME PESSOAL
Nome pessoal Ladeira, A. de S.
100 1# - ENTRADA PRINCIPAL--NOME PESSOAL
Nome pessoal Silva, J.C. da
100 1# - ENTRADA PRINCIPAL--NOME PESSOAL
Nome pessoal Machado, P.
100 1# - ENTRADA PRINCIPAL--NOME PESSOAL
Nome pessoal Rossetto, R.
110 1# - ENTRADA PRINCIPAL--NOME CORPORATIVO
Nome corporativo ou nome da jurisdição Fundacao Instituto Agronomico do Parana, Londrina (Brasil)
245 1# - TÍTULO
Título Desempenho das semeadoras-adubadoras MPS 1600 e MPS 1000 IMASA em solos argilosos
260 3# - PUBLICAÇÃO, DISTRIBUIÇÃO, ETC.
Local de publicação, distribuição, etc. Londrina, PR (Brasil):
Data da publicação, distribuição, etc. 2000.
300 ## - DESCRIÇÃO FÍSICA
Extensão 44 p.
490 ## - TÍTULO DA SÉRIE
Título da série Circular - Fundacao Instituto Agronomico do Parana (Brazil)
Número do volume ou designação sequencial da série no. 111
ISSN - International Standard Serial Number ISSN 0100-3356
500 ## - NOTA GERAL
Nota geral 17 illus.; 10 ref.
650 ## - ASSUNTO--TERMO TÓPICO
Cabeçalho tópico ou nome geográfico Equipamento Agricola
650 ## - ASSUNTO--TERMO TÓPICO
Cabeçalho tópico ou nome geográfico Performance
650 ## - ASSUNTO--TERMO TÓPICO
Cabeçalho tópico ou nome geográfico Plantio Direto
650 ## - ASSUNTO--TERMO TÓPICO
Cabeçalho tópico ou nome geográfico Dose
650 ## - ASSUNTO--TERMO TÓPICO
Cabeçalho tópico ou nome geográfico Fertilizante
650 ## - ASSUNTO--TERMO TÓPICO
Cabeçalho tópico ou nome geográfico Semente
909 ## -
-- 202312
-- Lúcia Elande
-- 55
-- Lúcia Elande
942 ## - ELEMENTOS DE ENTRADA ADICIONADOS (KOHA)
Fonte da classificação ou esquema de arquivamento na estante Classificação AGRIS
Ocultar no OPAC Não
Tipo de material Koha Monografia Seriada
Exemplares
Situação do descarte Fonte da classificação ou esquema de arquivamento na estante Situação física Não pode ser emprestado Coleção Biblioteca de origem Biblioteca atual Localização na estante Total de empréstimos Número de telefone completo Código de barras Data de último acesso Tipo de material Koha Fonte de aquisição
  Classificação AGRIS       Biblioteca Nacional de Agricultura - Binagri Biblioteca Nacional de Agricultura - Binagri Agrobase - Acervo Geral   4530 BR0004016 4530 BR0004016 18/12/2023 Monografia Seriada Portaria Interministerial nº 164/94

BINAGRI

Telefone: (61)3218-2567/2388/3357/2097 - binagri@agro.gov.br

Ministério da Agricultura e Pecuária , Esplanada dos Ministérios, Bloco D, Anexo B, Brasília/DF, CEP: 70.043-900